1001 computer words you need to know / (Record no. 2262)

MARC details
000 -LEADER
fixed length control field 00675nam a2200193 ar4500
001 - CONTROL NUMBER
control field 2264
005 - DATE AND TIME OF LATEST TRANSACTION
control field 20221127090413.0
008 - FIXED-LENGTH DATA ELEMENTS--GENERAL INFORMATION
fixed length control field 101019s xxk 00010|eng d
020 ## - INTERNATIONAL STANDARD BOOK NUMBER
International Standard Book Number 9780195167757 :
Terms of availability SR68.00
082 04 - DEWEY DECIMAL CLASSIFICATION NUMBER
Classification number 004.03
Item number On2 2004
245 00 - TITLE STATEMENT
Title 1001 computer words you need to know /
Statement of responsibility, etc. edited by Jerry Pournelle.
246 1# - VARYING FORM OF TITLE
Title proper/short title One thousand and one computer words you need to know.
260 ## - PUBLICATION, DISTRIBUTION, ETC.
Place of publication, distribution, etc. Oxford[England] ;
-- New York :
Name of publisher, distributor, etc. Oxford University Press,
Date of publication, distribution, etc. 2004.
300 ## - PHYSICAL DESCRIPTION
Extent xvi, 240 p. ;
Dimensions 22 cm.
504 ## - BIBLIOGRAPHY, ETC. NOTE
Bibliography, etc. note Includes bibl. references.
650 #4 - SUBJECT ADDED ENTRY--TOPICAL TERM
Topical term or geographic name entry element Computer science
Form subdivision Dictionaries.
650 #4 - SUBJECT ADDED ENTRY--TOPICAL TERM
Topical term or geographic name entry element Information technology
Form subdivision Dictionaries.
700 0# - ADDED ENTRY--PERSONAL NAME
Personal name Pournelle, Jerry.
Holdings
Withdrawn status Lost status Source of classification or shelving scheme Damaged status Not for loan Home library Current library Date acquired Total Checkouts Full call number Barcode Date last seen Copy number Price effective from Koha item type
              11/27/2022   004.03 On2 2004 1000000011050 11/27/2022 C1 11/27/2022 Book
              11/27/2022   004.03 On2 2004 1000000011051 11/27/2022 C2 11/27/2022 Book